La hidrología de las cuencas de los ríos Napostá y Sauce Grande, Pcia. de Buenos Aires /
Guardado en:
| Autor Principal: | |
|---|---|
| Formato: | Manuscrito |
| Idioma: | Spanish |
| Publicado: |
2007.
|
| Series: | Hidrología y riego (Universidad Nacional del Sur, Departamento de Agronomía)
|
| Materias: | |
| Etiquetas: |
Agregar Etiqueta
Sin Etiquetas, Sea el primero en etiquetar este registro!
|
| LEADER | 00953ntm a22002415a 4500 | ||
|---|---|---|---|
| 001 | EUN.eunm002421 | ||
| 005 | 20090414090342.0 | ||
| 008 | 090413s2007####ag#a#####b####000#0#spa#d | ||
| 082 | 0 | 4 | |a 631.7 |2 21 |
| 100 | 1 | |a Luque, Jorge Alfredo. | |
| 245 | 1 | 3 | |a La hidrología de las cuencas de los ríos Napostá y Sauce Grande, Pcia. de Buenos Aires / |c Jorge Alfredo Luque. |
| 260 | |c 2007. | ||
| 300 | |a 38 h. : |b il. ; |c 30 cm. | ||
| 490 | 1 | |a Hidrología y riego | |
| 500 | |a "Universidad Nacional del Sur. Departamento de Agronomía". | ||
| 500 | |a Se incluye: los hidrogramas de escorrentía. | ||
| 504 | |a Incluye referencias bibliográficas. | ||
| 650 | 7 | |a Hidrología |2 unbist | |
| 650 | 7 | |a Cuencas fluviales. |2 unbist | |
| 650 | 7 | |a Ríos. |2 unbist | |
| 651 | 0 | |a Buenos Aires (Argentina : Provincia). | |
| 830 | 0 | |a Hidrología y riego (Universidad Nacional del Sur, Departamento de Agronomía) | |
| 859 | |a AR-BaUNS |b BIB. CENTRAL - Sector A |h 631.7 |i L974-18 |p 120556/009 | ||
